00886nam a2200181 a 450000100100000000500170001000800410002704000250006808200150009310000480010824502600015626000790041630000270049550000430052204900090056595201130057499900170068700003173120240228185352.0110630s2000 dr a 000 e spa d aDO-SdBNPbspacBNPHU axxxbA948t1 aAvelino , Francisco Antonio, d1935-95544010aTres ensayos :bel manifiesto comunista de 1848 visto desde la perspectiva del ocaso del siglo XX. Martí hispanoamericanista, periodista pensador. Influencia del jainismo en la acción política y el pensamiento de Gandhi /cFrancisco Antonio Avelino. aSanto Domingo :bAcademia de Ciencias de la República Dominicana,c2000. a62 p. :bil. ;c21 cm. aIncluye notas al pie de las páginas. aBNPD 0010718PDaPDbPDcHDd2011-06-30iLF1l0oxxx A948tp31731-10r2020-06-25w2020-06-25yLFPDZNo se presta c31223d31223